LEADER 01154nam0 2200301 i 450 001 SUN0001467 005 20111013100610.392 010 $a88-348-2049-5 020 $aIT$b93 1222 100 $a20020701d1992 |0itac50 ba 101 $aita 102 $aIT 105 $a|||| ||||| 200 1 $aˆIl ‰portafoglio titoli nelle aziende di credito$fFranco Caparrelli 210 $aTorino$cG. Giappichelli$d[1992] 215 $aVIII, 176 p.$d24 cm. 606 $aInvestimenti bancari in titoli$2FI$3SUNC001086 606 $aAziende di credito$xServizi$2FI$3SUNC001087 620 $dTorino$3SUNL000001 676 $a332.6322$v21 700 1$aCaparrelli$b, Franco$3SUNV001480$0105249 712 $aGiappichelli$3SUNV000045$4650 801 $aIT$bSOL$c20181109$gRICA 912 $aSUN0001467 950 $aUFFICIO DI BIBLIOTECA DEL DIPARTIMENTO DI GIURISPRUDENZA$d00 CONS VI.Eg.28 $e00 1845 995 $aUFFICIO DI BIBLIOTECA DEL DIPARTIMENTO DI GIURISPRUDENZA$h1845$kCONS VI.Eg.28$op$qa 996 $aPortafoglio titoli nelle aziende di credito$9665174 997 $aUNICAMPANIA LEADER 04172nam 22005175 450 001 9910483224503321 005 20200712194216.0 010 $a3-658-10775-8 024 7 $a10.1007/978-3-658-10775-8 035 $a(CKB)3710000001094952 035 $a(DE-He213)978-3-658-10775-8 035 $a(MiAaPQ)EBC4819663 035 $a(PPN)199765871 035 $a(EXLCZ)993710000001094952 100 $a20170307d2017 u| 0 101 0 $ager 135 $aurnn|008mamaa 181 $ctxt$2rdacontent 182 $cc$2rdamedia 183 $acr$2rdacarrier 200 10$aChefsache Weiterbildung $eSo fördern Sie Ihre Mitarbeiter /$fvon Franziska Weitzel, Nadine Wendt, Achim Zimmermann 205 $a1st ed. 2017. 210 1$aWiesbaden :$cSpringer Fachmedien Wiesbaden :$cImprint: Springer Gabler,$d2017. 215 $a1 online resource (X, 129 S. 18 Abb.) 311 $a3-658-10774-X 320 $aIncludes bibliographical references. 327 $aAlles ist im Wandel -- Fachidiot = Vollidiot -- Schlüsselqualifikationen -- Im Studium alles gelernt ? dann weiß ich jetzt alles! -- Weiterbildung braucht kein Mensch -- Der Chef ? das Vorbild -- Die lieben Kolleginnen und Kollegen ? nichts ist so beständig wie der Wandel -- Wozu ein Plan für die Weiterbildung? -- Weiter mit Bildung ? warum Motivation und Weiterbildung eng zusammen liegen -- Wenn jung und alt aufeinander treffen. . 330 $aDas Fachbuch beleuchtet das Thema Weiterbildung von allen Seiten und geht dabei sowohl auf die strategische Weiterbildung mit Blick auf die Unternehmensentwicklung als auch die Weiterbildung als persönliche Potenzialentfaltung ein. Welche Veränderungen und neuen Blickwinkel sind nötig, um wettbewerbsfähig zu bleiben? Wo bestehen Gefahren und Chancen? Wie lässt sich der Bedarf an Weiterbildungsmaßnahmen ermitteln? Welche sind die Schlüsselqualifikationen für das 21. Jahrhundert? Die Autoren zeigen, wie Weiterbildungs- und Wissensmanagement gewinnbringend in das Unternehmen eingebracht werden können. Außerdem wird erläutert, welche rechtlichen Grundlagen für die Weiterbildung im Betrieb aus Arbeitsnehmer- und Arbeitgebersicht zu beachten sind. Der Inhalt Handlungskompetenz durch Schlüsselqualifikationen So implementieren Sie ein erfolgreiches Weiterbildungsmanagement Warum Motivation und Weiterbildung eng zusammen liegen Rechtliche Aspekte der Umsetzung von Bildungsmaßnahmen Die Reihe Die Chefsache-Reihe wurde von Peter Buchenau begründet und enthält alles, was für Führungskräfte wichtig ist. In unregelmäßigen Abständen lädt er Gastautoren ein, in dieser Reihe zu aktuellen Managementthemen zu publizieren ? Expertenwissen aus erster Hand. Die Autoren Franziska Weitzel gilt als Ausnahmedozentin in der beruflichen Weiterbildung. Als Prüferin der Aufstiegsweiterbildungen der IHK weiß sie, worauf es in Sachen Weiterbildung wirklich ankommt. Nadine Wendt ist Unternehmerin, Serviceexpertin und Dozentin an der FOM und der IQ Bremen GmbH und ist darüber hinaus Prüferin für Aufstiegsweiterbildungen. Dr. Achim Zimmermann ist als Rechtsanwalt spezialisiert auf das Bildungsrecht und hat einen detaillierten Einblick in die rechtlichen Probleme der Weiterbildungsbranche. . 606 $aLeadership 606 $aContinuing education 606 $aAdult education 606 $aBusiness Strategy/Leadership$3https://scigraph.springernature.com/ontologies/product-market-codes/515010 606 $aLifelong Learning/Adult Education$3https://scigraph.springernature.com/ontologies/product-market-codes/O42000 615 0$aLeadership. 615 0$aContinuing education. 615 0$aAdult education. 615 14$aBusiness Strategy/Leadership. 615 24$aLifelong Learning/Adult Education. 676 $a658.4092 700 $aWeitzel$b Franziska$4aut$4http://id.loc.gov/vocabulary/relators/aut$01227210 702 $aWendt$b Nadine$4aut$4http://id.loc.gov/vocabulary/relators/aut 702 $aZimmermann$b Achim$4aut$4http://id.loc.gov/vocabulary/relators/aut 906 $aBOOK 912 $a9910483224503321 996 $aChefsache Weiterbildung$92849568 997 $aUNINA